000 00655nam a2200241Ia 4500
003 OSt
005 20221005040105.0
006 a|||||r|||| 00| 0
007 ta
008 221004b |||||||| |||| 00| 0 eng d
024 _a63934
037 _cTextual
040 _aCRL
_cCRL
_beng
041 _2eng
_aeng
082 _aV26236.N5, M6
100 _aChatterjee Gouripada
_9588882
245 0 _aMidnapore
_b The forerunner of India's freedom struggle.
260 _aDelhi
_bMittal
_c1986
300 _a259p.
_ccm.
650 _aHISTORY
942 _hV26236.N5, M6
_cTEXL
_2cc
999 _c946343
_d946343